000 00577nam a2200181Ia 4500
005 20250923144653.0
008 008 250917s9999 xx 000 0 eng d
037 _aTextual
040 _aDSWL
_beng
_cDSWL
041 _aeng
_2eng
084 _aYX,Z5;1-m7;6-J.251'N58t4, N59
_qDSWL
100 _aMago, S.C.
_9827209
245 0 _aFamily and benship in East London
_cby S.C. Mago
260 _aDelhi
_b Delhi School of Social Work
_c1959
300 _a103p.
942 _cTEXL
_hYX,Z5;1-m7;6-J.251'N58t4, N59
999 _c1441854
_d1441854